Local landscape ordinances /

Bibliographic Details
Main Author: Robinette, Gary O.
Format: Book
Language:English
Published: Plano, Tex. : Agora Communicatons, [1992]
Series:Community landscape development series.
Subjects:

MARC

Tag First Indicator Second Indicator Subfields
LEADER 00000cam a2200000 a 4500
001 in00001036310
005 20150928154307.0
008 920807s1992 txuaeh b 000 0 eng d
035 |a (OCoLC)26347427 
035 |9 AFH7364AM 
040 |a SCT  |c SCT  |d TXA  |d UtOrBLW 
043 |a n-us--- 
049 |a TXAM 
090 |a KF5698.Z95  |b R63 1992 
100 1 |a Robinette, Gary O. 
245 1 0 |a Local landscape ordinances /  |c Gary O. Robinette. 
264 1 |a Plano, Tex. :  |b Agora Communicatons,  |c [1992] 
264 4 |c ©1992 
300 |a 348 pages :  |b illustrations, facsimiles, plans ;  |c 28 cm. 
336 |a text  |b txt  |2 rdacontent 
337 |a unmediated  |b n  |2 rdamedia 
338 |a volume  |b nc  |2 rdacarrier 
490 1 |a Community landscape development series 
504 |a Includes bibliographical references. 
650 0 |a Landscape protection  |x Law and legislation  |z United States. 
650 0 |a Land use  |x Law and legislation  |z United States. 
830 0 |a Community landscape development series. 
999 |a MARS 
999 f f |s db95cbb8-e346-37e9-9e03-dfc5a6c00366  |i 2ab54f59-94d8-34aa-a874-62e4af32f5be  |t 0 
952 f f |p ric  |a Texas A&M University  |b Rellis Campus  |c Joint Library Facility  |d Remote Storage  |t 0  |e KF5698.Z95 R63 1992  |h Library of Congress classification  |i unmediated -- volume  |m A14816212434 
998 f f |a KF5698.Z95 R63 1992  |t 0  |l Remote Storage